000
00305 a2200109 4500
090
_c
1728
_d
1728
100
_a
Syed Sharifuddin Pirzada
245
_a
Foundations of Pakistan All Indian Muslim League Documents: 1906 -1947
250
_a
Vol i
260
_a
Royal Book Company
942
_a
NBS
_c
BK
_k
954.91 FOU
999
_c
344243
_d
344243